| 000 | 00661na a2200229 4500 | ||
|---|---|---|---|
| 001 | 17652 | ||
| 003 | MIRAKIL | ||
| 005 | 20181213155247.0 | ||
| 008 | 161101b tu 000 0 | ||
| 035 | _a17652 | ||
| 040 |
_aMilas _btur _cTR-AnCHP |
||
| 041 | _atur | ||
| 082 |
_a351.77256 _bU52i 2005 |
||
| 090 | _a351.77256 U52i 2005 | ||
| 100 | _aUnakıtan, Kemal | ||
| 245 |
_a2006 yılı bütçe sunuş konuşması _b(TBMM Genel Kurulu) _cKemal Unakıtan |
||
| 260 |
_a[Ankara] _bMaliye Bakanlığı _c2005 |
||
| 300 |
_a73 s. _c20 sm. |
||
| 610 |
_aMaliye Bakanlığı _xBütçe görüşmeleri |
||
| 650 |
_aTBMM _xMeclis konuşmaları |
||
| 942 |
_2ddc _cBKS |
||
| 999 |
_c9458 _d9458 |
||